LEADER 01256oam 2200409zu 450 001 996281138403316 005 20210807002728.0 010 $a1-4673-2918-5 010 $a1-4673-2931-2 035 $a(CKB)3280000000025452 035 $a(SSID)ssj0001106876 035 $a(PQKBManifestationID)12357709 035 $a(PQKBTitleCode)TC0001106876 035 $a(PQKBWorkID)11075303 035 $a(PQKB)10480373 035 $a(NjHacI)993280000000025452 035 $a(EXLCZ)993280000000025452 100 $a20160829d2013 uy 101 0 $aeng 135 $aur||||||||||| 181 $ctxt 182 $cc 183 $acr 200 10$a2013 IEEE Topical Conference on Power Amplifiers for Wireless and Radio Applications 210 31$a[Place of publication not identified]$cIEEE$d2013 215 $a1 online resource 300 $aBibliographic Level Mode of Issuance: Monograph 311 $a1-4673-2915-0 606 $aRadio frequency$vCongresses 615 0$aRadio frequency 676 $a621.38411 702 $aIEEE Staff 801 0$bPQKB 906 $aPROCEEDING 912 $a996281138403316 996 $a2013 IEEE Topical Conference on Power Amplifiers for Wireless and Radio Applications$92540636 997 $aUNISA LEADER 02165oas 2200769 a 450 001 9910482004403321 005 20251106213014.0 011 $a1864-3434 035 $a(OCoLC)321046126 035 $a(CONSER) 2020269172 035 $a(CKB)111006469439628 035 $a(EXLCZ)99111006469439628 100 $a20090515a19879999 sy 101 0 $ager 135 $aurun||||||||| 181 $ctxt$2rdacontent 182 $cc$2rdamedia 183 $acr$2rdacarrier 200 00$aWirtschaftsrechtliche Bla?tter $eWBl 210 $aWien ;$aNew York $cSpringer 215 $a1 online resource 311 08$a0930-3855 517 3 $aWBl 606 $aCommercial law$zAustria$vPeriodicals 606 $aTrade regulation$zAustria$vPeriodicals 606 $aLabor laws and legislation$zAustria$vPeriodicals 606 $aCommercial law$2fast$3(OCoLC)fst00869502 606 $aLabor laws and legislation$2fast$3(OCoLC)fst00989967 606 $aTrade regulation$2fast$3(OCoLC)fst01153817 606 $aHandelsrecht$2gtt 606 $aEconomisch recht$2gtt 606 $aInternationaal handelsrecht$2gtt 606 $aEuropees recht$2gtt 607 $aAustria$2fast$1https://id.oclc.org/worldcat/entity/E39PBJx8BTwr9ybyyMq4GVJFKd 608 $aPeriodicals.$2fast 608 $aPeriodicals.$2lcgft 615 0$aCommercial law 615 0$aTrade regulation 615 0$aLabor laws and legislation 615 7$aCommercial law. 615 7$aLabor laws and legislation. 615 7$aTrade regulation. 615 17$aHandelsrecht. 615 17$aEconomisch recht. 615 17$aInternationaal handelsrecht. 615 17$aEuropees recht. 676 $a343.436/07/05 801 0$bOCLCS 801 1$bOCLCS 801 2$bOCLCS 801 2$bOCLCQ 801 2$bOCLCF 801 2$bOCLCO 801 2$bOCLCQ 801 2$bOCLCA 801 2$bWYU 801 2$bUKMGB 801 2$bWURST 801 2$bCUS 801 2$bUBY 801 2$bOCLCQ 801 2$bOCLCL 801 2$bOCLCQ 906 $aJOURNAL 912 $a9910482004403321 996 $aWirtschaftsrechtliche Blätter$9975927 997 $aUNINA